[Event "IECC O-3395"]
[Site "IECC email"]
[Date "2011.12.22"]
[Round "?"]
[White "Kellaway, Ted"]
[Black "Zwyssig, Manuel"]
[Result "0-1"]
[WhiteElo "1158"]
[BlackElo "1038"]
[PlyCount "86"]
[EventDate "2011.??.??"]
[EventType "swiss (corr)"]
[EventRounds "2"]
[SourceTitle "Telechess CBM 165"]
[Source "ChessBase"]
[SourceDate "2015.03.11"]
[SourceVersion "1"]
[SourceVersionDate "2015.03.11"]
[SourceQuality "1"]
[WhiteTeam "South Africa"]
[BlackTeam "Switzerland"]
[WhiteTeamCountry "RSA"]
[BlackTeamCountry "SUI"]

1. e4 c5 2. Bc4 e6 3. Nc3 Nc6 4. Nf3 g6 5. d4 cxd4 6. Nxd4 Bg7 7. Be3 Nge7 8. Ncb5 d5 9. Bd3 a6 10. Nc3 Nxd4 11. Qd2 Nec6 12. Na4 Qa5 13. Qxa5 Nxa5 14. exd5 exd5 15. c3 Ndc6 16. 0-0 0-0 17. Nb6 Rb8 18. Nxd5 Be6 19. Be4 Nc4 20. Bc5 Rfd8 21. Ne7+ Nxe7 22. Bxe7 Re8 23. Bc5 Nd2 24. Rfe1 Nxe4 25. Rxe4 Bd5 26. Re3 Rxe3 27. Bxe3 b5 28. Bd4 Bxd4 29. Rd1 Bxc3 30. Rxd5 Bxb2 31. Rd2 Rc8 32. Kf1 Bc3 33. Rd3 b4 34. Ke2 a5 35. f4 a4 36. Rd1 Bb2 37. Rd2 a3 38. Rd7 Bg7 39. Rd2 Rc3 40. Rd8+ Bf8 41. Rd7 Rc2+ 42. Rd2 Rxd2+ 43. Kxd2 Kg7 0-1